Statistics for The Boris Johnson Quiz

Click here to take the quiz!

General Stats

  • This quiz has been taken 185 times
  • The average score is 12 of 27

Answer Stats

HintAnswer% Correct
His political partyConservative Party
95%
PredecessorTheresa May
93%
Office he held from 2008-2016Mayor of London
79%
Policy{Leave} the {EU} on 31st October "do or die"
78%
English public school that he attendedEton College
77%
City in which he was bornNew York City
62%
Organisation that he campaigned for the UK to leaveThe European Union
62%
Office he held from 2016-2018Secretary of State for {Foreign} and Commonwealth Affairs
61%
Runner-up in the leadership campaign (effectively the campaign to become Prime Minister)Jeremy Hunt
55%
Former Environment Secretary he appointed as Chancellor of the Duchy of Lancaster, making him effectively Deputy Prime MinisterMichael Gove
52%
Constituency he has been the MP forUxbridge and South Ruislip
51%
Previous holder of this office who he beat in two electionsKen Livingstone
46%
His full name{Alexander} Boris {de} {Pfeffel} Johnson
45%
Chancellor of the Exchequer he appointedSajid Javid
45%
PolicyAn extra 20,000 {police} {officers} by 2022
44%
Reason he was sacked from the shadow cabinet in 2004Lying about an extramarital affair
41%
PolicyA {tax} {cut} for people earning over £50,000 per year
30%
Constituency he has been the MP forHenley
27%
His campaign slogan (part 3)...and {Defeat} Jeremy Corbyn
25%
PolicyEnsure that funding for {schools} is evenly distributed across the country
25%
His campaign slogan (part 2)...{Unite} the Nation...
24%
Oxford college that he attendedBalliol College
23%
PolicyRaise the threshold for paying {National} {Insurance}
22%
His campaign slogan (part 1){Deliver} Brexit...
18%
PolicyScrap the {Irish} {backstop}
13%
Deal made within cabinet regarding the UK's relationship with the EU over which he resigned from the above postChequers Deal
10%
His campaign slogan (part 4)... and also {Energise}
7%

Score Distribution

Percentile by Number Answered

Percent of People with Each Score

Your Score History

You have not taken this quiz